|
|
|
|
| LEADER |
00000cam a2200000 7i4500 |
| 001 |
0000004715 |
| 005 |
20151222.0 |
| 008 |
070730 |
| 020 |
|
|
|a 9833272061(set)
|
| 020 |
|
|
|a 9833272118
|
| 090 |
0 |
0 |
|a JF
|b MOR MAL (1853)
|
| 245 |
1 |
0 |
|a Amalan rasuah meruntuhkan negara
|c Penyusun; Zalifah Abdullah
|
| 260 |
|
|
|a Selangor :
|b Penapro ,
|c 2005
|
| 440 |
|
|
|a Siri pendidikan sivik
|
| 500 |
|
|
|a Children ages 7-9 years old (orange)
|
| 650 |
|
0 |
|a Bribery
|x Juvenile literature
|
| 999 |
|
|
|a 0000904992
|b Book
|c Teenagers
|e Cawangan Bandar Tenggara
|
| 999 |
|
|
|a 0000904993
|b Book
|c Teenagers
|e Cawangan Bandar Tenggara
|
| 999 |
|
|
|a 0000976567
|b Book
|c Children Collection
|e Cawangan Pontian
|
| 999 |
|
|
|a 0000976568
|b Book
|c Children Collection
|e Cawangan Pontian
|
| 999 |
|
|
|a 0000976569
|b Book
|c Children Collection
|e Cawangan Bandar Tenggara
|
| 999 |
|
|
|a 0000976570
|b Book
|c Children Collection
|e Perbadanan Perpustakaan Awam Johor
|
| 999 |
|
|
|a 0000976571
|b Book
|c Children Collection
|e Perbadanan Perpustakaan Awam Johor
|
| 999 |
|
|
|a 0000989809
|b Book
|c Children Collection
|e Cawangan Bukit Gambir
|
| 999 |
|
|
|a 000989811
|b Book
|c Adult Collection
|e Cawangan Muar
|